|
|
|
|
| LEADER |
00000cam a2200000 a 4500 |
| 001 |
70489-2 |
| 005 |
20230308184632.0 |
| 008 |
000000|1981 ||||||||r|||||||||||spa|| |
| 020 |
|
|
|a 8423704173
|
| 040 |
|
|
|b spa
|
| 041 |
1 |
|
|a spa
|
| 082 |
0 |
|
|a 621.31
|
| 100 |
1 |
|
|a Spitta, Albert F.
|9 34616
|
| 245 |
|
|
|a Instalaciones eléctricas
|c Albert F. Spitta. Redacción Günter G. Seip
|h imp
|n tomo 2
|
| 245 |
|
|
|a Elektrische installationstechnik
|
| 264 |
|
|
|a Madrid
|b Dossat
|c 1981
|
| 300 |
|
|
|a xx; 807-1274 páginas:
|b ilu
|c 21 cm
|
| 504 |
|
|
|a incl. ref.
|
| 653 |
|
|
|a INGENIRIA ELECTRICA
|
| 650 |
|
0 |
|a Instalaciones eléctricas
|9 14782
|
| 650 |
|
0 |
|a Electricidad
|9 12841
|
| 852 |
|
|
|a UC-CDJBV
|c SEGUNDO PISO
|f Compra
|k mariana.quezada
|l 1
|m General
|p 00000000
|r 2
|t 70489-2
|b 0
|d CDRC
|e CDRC
|g 621.31 SEGUNDO PISO
|z 0000-00-00
|
| 942 |
|
|
|c BK
|0 1
|
| 999 |
|
|
|c 66891
|d 66891
|